[Event "Kupreichik Memorial Rapid 2019"]
[Site "Minsk"]
[Date "2019.08.16"]
[Round "4.6"]
[White "Kuleshov, Konstantin"]
[Black "Dydyshko, Viacheslav"]
[Result "0-1"]
[WhiteElo "2076"]
[BlackElo "2506"]
[Annotator "TA"]
[PlyCount "82"]
[EventDate "2019.08.15"]
[EventType "swiss"]
[EventCountry "BLR"]
[SourceTitle "playchess.com"]
[Source "ChessBase"]
[SourceQuality "1"]

{[%evp 18,82,0,-20,0,-12,21,0,31,-35,-30,-30,-15,-15,-25,-59,-57,-54,-22,-37,-55,-41,-29,-41,-91,-55,-58,-137,-127,-220,-196,-302,-193,-214,-138,-132,-150,-125,-118,-289,-236,-297,-270,-228,-160,-160,-154,-158,-153,-187,-179,-532,-183,-1284,-467,-1719,-1763,-1661,-1662,-1375,-1312,-1295,-579,-1295,-1277,-29981,-1351]} 1. d4 Nf6 2. c4 e6 3. g3 c5 4. d5 exd5 5. cxd5 d6 6. Nc3 g6 7. Bg2 Bg7 8. e4 O-O 9. Nge2 Re8 10. O-O a6 {[%cal Ba7a6,Ba6b5,Bb5b4][%mdl 32] A60: Modern Benoni: Early Divergences} (10... b5 11. e5 Rxe5 12. Bf4 Re7 13. Bxd6 Rd7 14. Bxc5 Bb7 15. Nf4 Na6 16. Bd4 b4 17. Ne4 Nxd5 18. Bxg7 Kxg7 {1-0 (51) Rombaldoni,D (2481)-Vocaturo,D (2620) Chianciano Terme 2018}) 11. a4 b6 12. h3 Nbd7 {The position is equal.} 13. f4 $146 (13. Qc2 $14) ({Predecessor:} 13. g4 Nf8 14. Ng3 Qc7 15. f4 Rb8 16. g5 N6d7 17. f5 Be5 18. fxg6 hxg6 {0-1 (42) Gorges,R-Knaak,R Glauchau 1967}) 13... Rb8 $15 14. g4 b5 15. axb5 axb5 {Strongly threatening ...b4.} 16. Ng3 b4 17. Nce2 Nb6 18. Ra7 Rb7 $36 {[%mdl 2048] Black fights for an advantage.} 19. Rxb7 Bxb7 20. g5 Nfd7 21. f5 Be5 22. f6 ({White should play} 22. h4 $15) 22... Ba6 $17 23. Re1 (23. Rf2 $17) 23... c4 $19 24. Nf4 (24. Kh2 {was called for.}) 24... Nc5 {White must now prevent ...Nba4.} 25. Qg4 {If only White now had time for Qh4....} Nd3 26. Nxd3 cxd3 27. Qh4 {And now Qh6 would win.} Kh8 28. b3 $2 (28. Nf1 $17) 28... Nd7 29. Be3 Nc5 30. Rb1 Bxg3 31. Qxg3 Nxe4 32. Bxe4 Rxe4 33. Ra1 Bb7 34. Ra7 $2 (34. Re1 {is a better chance.}) 34... Bxd5 $2 (34... Qc7 {aiming for ...Qc8.} 35. Qf3 Re5) 35. Ra6 $2 (35. Re7) 35... Re6 (35... Qe8 $142 36. Bd2 Re2 37. Rxd6 Qa8) 36. Bf4 (36. Ra7 $142 Qc8 37. Re7) 36... Qc8 37. Qxd3 Qc5+ 38. Kf1 h5 39. Ra1 Be4 (39... Bc6 $142 {...Bb5! is the strong threat.} 40. Rc1 Bb5 $1 {[%mdl 512]}) 40. Qd2 {[#]} Qf5 $1 41. Qh2 Bf3 {Accuracy: White = 28%, Black = 65%.} (41... Bd3+ $142 42. Kg1 Re2 43. Qxe2 Bxe2 44. Bg3 Qxg5 45. Kh2 h4 46. Ra8+ {[#]} Kh7 $1 {[%mdl 512]} 47. Bxh4 Qxh4 48. Kg2 Qxf6 49. h4 Qf3+ $1 {[%mdl 576] Double Attack} 50. Kh2 Qxa8 51. h5 gxh5 52. Kg1 Qf3 53. Kh2 Qf2+ 54. Kh3 Bg4#) 0-1

[Event "Kupreichik Memorial Rapid 2019"]
[Site "Minsk"]
[Date "2019.08.16"]
[Round "4.7"]
[White "Sveshnikov, Evgeny"]
[Black "Pakhomov, Alexey"]
[Result "1-0"]
[WhiteElo "2483"]
[BlackElo "2315"]
[Annotator "TA"]
[PlyCount "71"]
[EventDate "2019.08.15"]
[EventType "swiss"]
[EventCountry "BLR"]
[SourceTitle "playchess.com"]
[Source "ChessBase"]
[SourceQuality "1"]

{[%evp 16,71,25,22,86,89,84,42,48,45,44,39,92,85,113,110,110,100,112,129,135,111,161,158,204,165,183,146,166,166,294,289,284,169,156,152,401,384,872,865,842,815,874,842,1015,1007,1280,1286,1305,1302,1316,1178,1993,1213,2854,2637,29989,1938]} 1. e4 c6 2. d4 d5 3. exd5 cxd5 4. Nf3 Nc6 5. c4 e6 6. Nc3 Nf6 7. c5 Be7 8. Bb5 O-O 9. O-O a6 {B14: Caro-Kann: Panov-Botvinnik Attack with 5...e6 and 5...g6} (9... Ne4 $11 {keeps the balance.}) (9... Qc7 10. Re1 h6 11. g3 Rd8 12. Bf4 Qa5 13. Ba4 Ne4 14. Nxe4 dxe4 15. Rxe4 b5 16. Bb3 Bb7 17. Qe2 {1-0 (25) Li,C (2739)-Shytaj,L (2465) Germany 2017}) 10. Bxc6 $1 $16 bxc6 11. Qc2 Nd7 $146 {White is slightly better.} ({Predecessor:} 11... a5 12. Ne5 Ra6 13. Na4 Nd7 14. Nxd7 Qxd7 15. Bf4 Qd8 {½-½ (51) Evaristo,C (2129)-Pulghe',P (2260) ICCF email 2014}) 12. Re1 Re8 13. Bf4 Bf6 (13... a5 $14) 14. b4 Ra7 15. a4 {[%cal Ba2a4,Ba4a5][%mdl 32]} Bb7 16. a5 g6 17. Na4 Bg7 18. Nb6 f6 19. Bd6 Nf8 20. Re2 Bc8 21. Rae1 Rf7 22. h4 e5 (22... Bd7 {was worth a try.} 23. Qd1 Bc8) 23. dxe5 $18 Bg4 24. Bxf8 (24. Nd4 $142 fxe5 25. Nxc6 Qxh4 26. Rxe5 (26. Bxe5 Bxe2 27. Rxe2 Qh5 $17) 26... Bxe5 27. Rxe5 Rxe5 28. Nxe5) 24... Bxf8 25. e6 Rfe7 $2 (25... Rc7 $16) 26. Nd4 Bxe2 $2 (26... Qc7 27. f3 Bf5 28. Nxf5 gxf5) 27. Nxc6 {[%mdl 64] [#] Double Attack} ({Not} 27. Qxe2 f5 $16) ({Weaker is} 27. Rxe2 Qc7 $16) 27... Qc7 28. Nxe7+ Bxe7 29. Qxe2 Rd8 30. Qxa6 f5 31. Qd3 d4 32. Nd7 Qf4 33. g3 Qg4 34. Qd1 Qh3 35. Qxd4 g5 36. hxg5 {Accuracy: White = 77%, Black = 26%.} (36. Nf6+ $142 Bxf6 37. Qxf6 Rf8 38. Qxg5+ Kh8 39. e7 Re8 {[#]} 40. Qh5 $1 {[%mdl 512]} Rg8 41. e8=Q) 1-0

[Event "Kupreichik Memorial Rapid 2019"]
[Site "Minsk"]
[Date "2019.08.16"]
[Round "4.8"]
[White "Mustaps, Matiss"]
[Black "Kameko, Aleksandr"]
[Result "1/2-1/2"]
[WhiteElo "2381"]
[BlackElo "2045"]
[Annotator "TA"]
[PlyCount "68"]
[EventDate "2019.08.15"]
[EventType "swiss"]
[EventCountry "BLR"]
[SourceTitle "playchess.com"]
[Source "ChessBase"]
[SourceQuality "1"]

{[%evp 9,68,44,53,45,59,76,74,34,86,83,83,69,125,116,137,128,131,52,36,56,56,44,93,89,87,59,93,52,58,26,30,18,19,0,0,0,0,0,8,0,0,0,0,-11,-17,-16,5,10,3,0,25,30,11,0,0,0,0,0,58,-40,-30]} 1. e4 d6 2. d4 Nf6 3. Nc3 g6 4. Be3 Bg7 5. f3 h5 (5... c6 6. Qd2 b5 7. Bh6 Bxh6 8. Qxh6 b4 9. Nce2 Nbd7 10. O-O-O Qa5 11. Kb1 Nb6 12. Nc1 Na4 13. Nb3 Qc7 14. Nh3 Bxh3 15. Qxh3 a5 16. d5 {0-1 (32) Demchenko,A (2660)-Andriasian,Z (2585) Riadh 2017}) 6. Qd2 {B07: Pirc Defence: Miscellaneous Systems} Nc6 7. O-O-O a6 8. d5 $146 {White is better.} ({Predecessor:} 8. Qe1 O-O 9. h3 Re8 10. e5 Nd7 11. e6 fxe6 12. Qg3 Nf8 13. f4 e5 14. dxe5 {1-0 (47) Stankovic,M (2399)-Suslova,A (2227) Cheliabinsk 2017}) 8... Ne5 (8... Nb8 $14) 9. f4 $16 Neg4 {[#]} 10. Bd4 $1 c5 (10... b5 $14) 11. dxc6 $1 bxc6 {[#]} 12. h3 $1 {[%cal Rh3g4]} Nh6 13. e5 (13. Nf3 $16) 13... dxe5 $14 14. Bxe5 {[%csl Gd1][%cal Rd2d8]} Qxd2+ 15. Rxd2 Be6 16. Nf3 O-O 17. Nd4 Nd5 18. Nxc6 Nxc3 19. Bxc3 Bxc3 20. bxc3 Kg7 21. c4 Nf5 22. Bd3 Rac8 23. Ne5 Nd6 {[%cal Rd6c4]} (23... h4 {seems wilder.} 24. Re1 Rc7 25. Kb2 Rfc8 26. Kc1 Rf8) 24. Re1 {aiming for Nxg6!} Bxc4 25. Nxc4 Nxc4 26. Rde2 e6 27. Re4 Nd6 28. Ra4 Rc6 29. Re5 Nb5 30. Rc4 Rd6 31. a4 Nd4 32. a5 Rb8 33. Rc7 Nc6 (33... h4 $11) 34. Re3 (34. Rc5 $1 $14 Nb4 35. Bc4) 34... Nxa5 {Accuracy: White = 51%, Black = 38%.} 1/2-1/2

[Event "Kupreichik Memorial Rapid 2019"]
[Site "Minsk"]
[Date "2019.08.16"]
[Round "4.9"]
[White "Siniauski, Artsiom"]
[Black "Vaganian, Rafael A"]
[Result "1/2-1/2"]
[WhiteElo "2142"]
[BlackElo "2514"]
[Annotator "TA"]
[PlyCount "89"]
[EventDate "2019.08.15"]
[EventType "swiss"]
[EventCountry "BLR"]
[SourceTitle "playchess.com"]
[Source "ChessBase"]
[SourceQuality "1"]

{[%evp 12,89,41,0,7,14,89,91,84,76,123,115,425,371,387,316,253,87,230,211,248,243,243,197,204,190,167,87,87,88,89,96,80,81,84,71,71,72,72,72,72,56,60,58,50,55,117,111,81,58,75,0,4,-30,-29,-53,-53,-90,-90,-91,-91,-91,-91,-94,-97,-97,-94,-187,-202,-208,0,0,0,0,0,0,0,0,0,0]} 1. e4 e6 2. d4 d5 3. Nc3 Nf6 4. Bg5 Bb4 5. exd5 Qxd5 6. Bxf6 gxf6 7. Qd2 Qa5 {C12: French: Classical System: McCutcheon Variation} (7... Bxc3 $5 8. bxc3 Nc6 $11) (7... Bxc3 8. Qxc3 Nc6 9. Nf3 Rg8 10. g3 Bd7 11. Bg2 Qe4+ 12. Kf1 O-O-O 13. Qc5 Be8 14. Re1 Qg4 15. h3 {½-½ (55) Smeets,J (2617)-Buhmann,R (2612) Germany 2016}) 8. Nge2 b6 (8... Bd7 $11 {keeps the balance.}) 9. a3 Bb7 {White is better.} 10. O-O-O Be7 $146 ({Predecessor:} 10... Bd6 11. d5 Bxd5 12. Nxd5 Qxd2+ 13. Rxd2 exd5 14. Rxd5 Nc6 15. Ng3 {½-½ (66) Olivier,J (2365)-Foisor,O (2358) Grenoble 2005}) 11. d5 Nd7 $2 {[%mdl 8192]} (11... Bxd5 $16 {is tougher.} 12. Nxd5 Qxd2+ 13. Rxd2 exd5) 12. dxe6 Ne5 13. exf7+ Kxf7 14. Nd5 $2 (14. Nd4 $18 {has better winning chances.} Bxa3 15. Nb3 (15. bxa3 Qxa3+ 16. Kb1 Qb4+ 17. Ka1 Rhd8 $16)) 14... Qc5 (14... Qxd2+ $16 15. Rxd2 Bc5) 15. Nxe7 $18 Rad8 16. Nd4 {aiming for Nef5.} Qxe7 17. f4 c5 18. fxe5 Rxd4 {[#]} 19. exf6 ({White should play} 19. Bc4+ $1 $18 {[%mdl 512]} Kg7 (19... Rxc4 20. exf6) 20. exf6+ Qxf6 21. Qe3) 19... Rxd2 $16 20. fxe7 Rxd1+ 21. Kxd1 Kxe7 $18 {[%mdl 4096] Endgame KRB-KRB} 22. Rg1 Rd8+ 23. Kc1 Rf8 24. Bd3 Rf2 25. Bxh7 Bxg2 26. h4 Bd5 27. Rg7+ Kd6 28. h5 Rh2 {[#]} (28... Rf1+ $1 $14 29. Kd2 Rf2+ 30. Ke1 Rh2) 29. Bg6 $1 $16 a5 30. Rh7 Ke5 31. h6 (31. Re7+ $16 Kd6 32. Re8) 31... Kf6 32. Be8 (32. Rd7 $5 {[%cal Rd7d5]}) 32... Be4 33. Rf7+ Ke6 {White must now prevent ...Bg6.} 34. Rf4 Ke5 ({Of course not} 34... Rxc2+ $6 35. Kd1 $11) 35. Rg4 Rxc2+ 36. Kd1 {Intending Rxe4+! and mate.} Rh2 {Strongly threatening ...Bf3+.} 37. Rg5+ Kf6 38. Rg3 Rxh6 39. Kd2 {[#]} (39. Ba4 $17) 39... Rh2+ $1 $19 40. Kc3 a4 $2 (40... Rc2+ $19 41. Kb3 c4+ 42. Ka2 Rc1) 41. Bxa4 $11 {The position is equal.} Ke5 42. Rg5+ Kd6 43. Rg3 Rh1 44. Re3 Bd5 45. Rg3 {Accuracy: White = 60%, Black = 53%.} 1/2-1/2

[Event "Kupreichik Memorial Rapid 2019"]
[Site "Minsk"]
[Date "2019.08.16"]
[Round "4.10"]
[White "Teterev, Vitaly"]
[Black "Lazavik, Denis"]
[Result "0-1"]
[WhiteElo "2474"]
[BlackElo "2347"]
[Annotator "TA"]
[PlyCount "56"]
[EventDate "2019.08.15"]
[EventType "swiss"]
[EventCountry "BLR"]
[SourceTitle "playchess.com"]
[Source "ChessBase"]
[SourceQuality "1"]

{[%evp 21,56,28,27,22,32,22,29,33,36,35,36,21,27,10,26,-5,-4,-8,-6,-22,-25,-34,-38,-45,-57,-47,-61,-52,-44,-104,-109,-153,-164,-664,-698,-839,-838]} 1. Nf3 Nf6 2. g3 c5 3. Bg2 g6 4. O-O Bg7 5. d4 cxd4 6. Nxd4 O-O 7. c4 Nc6 8. Nc3 Nxd4 9. Qxd4 d6 10. Qd3 a6 11. Bd2 Rb8 12. c5 {A39: Symmetrical English vs ...g6: 4 Bg2 Bg7 5 Nf3 Nf6 6 0-0 0-0 7 d4} (12. a4 Be6 13. b3 Qb6 14. Rab1 Rfc8 15. e4 Qc5 16. h3 Nd7 17. Rfc1 Qd4 18. Qe2 Nc5 19. Nd5 Bxd5 20. exd5 {½-½ (58) Vachier Lagrave,M (2780)-Puranik,A (2536) Caleta 2019}) 12... Bf5 13. e4 Be6 14. cxd6 {White has an edge.} Qxd6 15. Qxd6 exd6 16. Bf4 Rfd8 17. Rfd1 Ne8 18. Bg5 $146 ({Predecessor:} 18. Rac1 Rdc8 19. Bd2 Rc7 {½-½ (27) Laube,B (2368)-Oechslein,R (2409) ICCF email 2013}) 18... Rdc8 19. Bd2 b5 20. a3 a5 {[%cal Ba6a5,Ba5b4,Bb4b3,Bb3b2][%mdl 32]} 21. Rdb1 b4 22. axb4 axb4 23. Nd1 ({Of course not} 23. Nd5 Rc2 $17) 23... Bb3 24. Ne3 Bc2 {Strongly threatening ...b3.} 25. Nxc2 ({White should try} 25. Re1 $1 $15) 25... Rxc2 $17 {[%mdl 64] [#] Double Attack} 26. Be1 b3 ({But not} 26... Rxb2 27. Rxb2 Bxb2 28. Rb1 $17) 27. Bc3 $2 (27. Ra4) 27... Bxc3 $19 28. bxc3 b2 {Accuracy: White = 26%, Black = 92%.} 0-1

[Event "Kupreichik Memorial Rapid 2019"]
[Site "Minsk"]
[Date "2019.08.16"]
[Round "4.11"]
[White "Zhukova, Natalia"]
[Black "Zhukovskij, Viktor"]
[Result "1-0"]
[WhiteElo "2333"]
[BlackElo "2028"]
[Annotator "TA"]
[PlyCount "73"]
[EventDate "2019.08.15"]
[EventType "swiss"]
[EventCountry "BLR"]
[SourceTitle "playchess.com"]
[Source "ChessBase"]
[SourceQuality "1"]

{[%evp 13,73,-2,16,10,23,-24,36,37,27,24,40,30,63,57,73,58,70,62,203,194,206,217,215,224,216,207,211,213,249,244,346,328,325,201,257,266,691,716,702,694,677,632,627,622,586,531,510,410,575,443,408,377,361,326,336,320,316,325,578,585,29979,29979]} 1. d4 d5 2. c4 c6 3. Nf3 Nf6 4. Nc3 a6 5. Qb3 dxc4 6. Qxc4 b5 7. Qd3 e6 8. e4 {D43: Semi-Slav: 5 Bg5 h6} c5 9. Bg5 Be7 $146 (9... cxd4 $11 10. Nxd4 (10. Qxd4 Qxd4 11. Nxd4 Nbd7 $11) 10... Nbd7) ({Predecessor:} 9... cxd4 10. Nxd4 b4 11. Nd1 Nbd7 12. Nb3 a5 13. Ne3 Ba6 14. Nc4 Be7 15. Be2 a4 16. Nbd2 O-O 17. O-O h6 18. Bf4 e5 19. Bg3 Bc5 20. Nf3 Qe7 21. Qc2 Rfc8 22. b3 {½-½ (22) Sanikidze,T (2580)-Maksimenko,A (2547) Germany 2013}) 10. dxc5 $14 {White is slightly better.} Qxd3 11. Bxd3 Bxc5 12. e5 Nd5 13. Nxd5 exd5 14. Rc1 $36 {[%mdl 2048] White fights for an advantage.} Nd7 $1 15. O-O Bb7 (15... O-O $14) 16. Bf5 $18 Bb6 17. e6 fxe6 18. Bxe6 {aiming for Rfe1.} Nc5 19. Rfe1 Ne4 20. Be3 Bxe3 21. Rxe3 {Threatens to win with Rc7.} Ke7 (21... Kd8 {was called for.} 22. Nd4 g6) 22. Nd4 {Rc7+ is the strong threat.} Kf6 23. Rc7 Ke5 24. Rd3 ({But not} 24. Rxb7 $6 Kxd4 25. Rxg7 Rae8 $16) 24... Bc8 $2 {[#]} (24... Raf8 25. f3 (25. Rxb7 Nc5 $14) (25. Rxg7 Nxf2 26. Rd2 Ne4 $16) 25... Ng5) 25. f4+ $1 {[%mdl 576] Deflection} Kxf4 26. Bxd5 Rb8 27. Ne2+ Kf5 {[#]} 28. g4+ $1 {[%mdl 512]} Kf6 (28... Kxg4 29. Bxe4) 29. Bxe4 Bxg4 30. Ng3 h5 (30... Rhd8 $142 31. Bxh7 Rxd3) 31. h4 Rhd8 32. Rc6+ Ke5 33. Rxa6 Kf4 {With the idea ...Rxd3.} 34. Kf2 {And now Bd5 would win.} Rbc8 {intending ...Rc2+.} 35. Rdd6 Re8 $2 (35... Rxd6 {was worth a try.} 36. Rxd6 g5 37. Rf6+ Ke5) 36. Bd3 Rc1 37. Rd4+ {Accuracy: White = 77%, Black = 38%.} 1-0

[Event "Kupreichik Memorial Rapid 2019"]
[Site "Minsk"]
[Date "2019.08.16"]
[Round "4.12"]
[White "Pein, Malcolm"]
[Black "Sarbay, Aleksandr"]
[Result "1-0"]
[WhiteElo "2312"]
[BlackElo "2115"]
[Annotator "TA"]
[PlyCount "65"]
[EventDate "2019.08.15"]
[EventType "swiss"]
[EventCountry "BLR"]
[SourceTitle "playchess.com"]
[Source "ChessBase"]
[SourceQuality "1"]

{[%evp 23,65,43,44,43,45,32,22,28,24,25,32,31,33,39,55,41,63,47,55,58,46,62,78,69,74,65,88,70,91,91,97,103,97,90,177,177,172,181,224,220,220,219,367,340]} 1. Nf3 c5 2. c4 Nf6 3. Nc3 Nc6 4. g3 g6 5. Bg2 Bg7 6. O-O O-O 7. d4 cxd4 8. Nxd4 Nxd4 9. Qxd4 d6 10. Qd3 Nd7 11. b3 Nc5 12. Qd2 Bd7 13. Bb2 {A39: Symmetrical English vs ...g6: 4 Bg2 Bg7 5 Nf3 Nf6 6 0-0 0-0 7 d4} Bc6 14. Nd5 Bxd5 15. Bxd5 {The position is equal.} Bxb2 16. Qxb2 a5 17. Rfd1 Qb6 $146 ({Predecessor:} 17... Rb8 18. Bg2 b5 19. Rac1 Qd7 20. Qa3 Qc7 21. cxb5 Rxb5 {1-0 (39) Truupold,A (2460)-Wojciuk,S (2015) ICCF corr 2002}) 18. Rd4 Qb4 19. Rb1 a4 20. a3 Qb6 $1 {[%cal Ra4b3]} ({Don't blunder} 20... Qxb3 $2 21. Qc1 $18) 21. b4 Nb3 22. Rh4 e6 23. Bf3 Rac8 24. Rd1 Qa6 25. e3 b5 26. cxb5 Qxb5 27. Be2 Qb6 28. b5 d5 (28... Nc5 $16 {was necessary.}) 29. Rxa4 $18 Nc5 30. Rb4 Ra8 31. Rc1 Rfc8 32. a4 Rc7 (32... Rcb8 $142 33. Qd4 Nd7) 33. Qd4 {Accuracy: White = 91%, Black = 31%.} 1-0

[Event "Kupreichik Memorial Rapid 2019"]
[Site "Minsk"]
[Date "2019.08.16"]
[Round "4.13"]
[White "Mikhailovsky, Vladimir"]
[Black "Naumovich, Yaroslav"]
[Result "1/2-1/2"]
[WhiteElo "2209"]
[BlackElo "1868"]
[Annotator "NA"]
[PlyCount "54"]
[EventDate "2019.08.15"]
[EventType "swiss"]
[EventCountry "BLR"]
[SourceTitle "playchess.com"]
[Source "ChessBase"]
[SourceQuality "1"]
[TimeControl "900+10"]

1. Nf3 {[%emt 0:00:00]} d5 {[%emt 0:00:00]} 2. b3 {[%emt 0:00:00]} Nf6 {[%emt 0:00:00]} 3. Bb2 {[%emt 0:00:00]} Bg4 {[%emt 0:00:04]} 4. Ne5 {[%emt 0:00:10]} Bh5 {[%emt 0:00:02]} 5. c4 {[%emt 0:00:23]} e6 {[%emt 0:00:06]} 6. g3 {[%emt 0:00:14]} c6 {[%emt 0:00:36]} 7. Bg2 {[%emt 0:00:05]} Nbd7 {[%emt 0:00:04]} 8. Nxd7 {[%emt 0:00:34]} Qxd7 {[%emt 0:00:47]} 9. cxd5 {[%emt 0:01:53]} exd5 {[%emt 0:01:33]} 10. O-O {[%emt 0:00:18]} Be7 {[%emt 0:00:17]} 11. d3 {[%emt 0:00:17]} O-O {[%emt 0:00:04]} 12. Qc2 {[%emt 0:00:10]} Rad8 {[%emt 0:00:31]} 13. e4 {[%emt 0:01:49]} dxe4 {[%emt 0:00:53]} 14. dxe4 {[%emt 0:00:02]} Qd3 {[%emt 0:02:21]} 15. Na3 {[%emt 0:01:13]} Qxc2 {[%emt 0:04:29]} 16. Nxc2 {[%emt 0:00:04]} Rd2 {[%emt 0:00:10]} 17. Rac1 {[%emt 0:00:39]} Be2 {[%emt 0:01:32]} 18. Bc3 {[%emt 0:05:40]} Bxf1 {[%emt 0:01:33]} 19. Bxd2 {[%emt 0:00:03]} Bxg2 {[%emt 0:00:01]} 20. Kxg2 {[%emt 0:00:02]} Nxe4 {[%emt 0:02:34]} 21. Re1 {[%emt 0:00:08]} f5 {[%emt 0:00:07]} 22. f3 {[%emt 0:01:39]} Nxd2 {[%emt 0:00:02]} 23. Rxe7 {[%emt 0:00:07]} Rf7 {[%emt 0:00:01]} 24. Re8+ {[%emt 0:00:16]} Rf8 {[%emt 0:00:03]} 25. Re7 {[%emt 0:00:09]} Rf7 {[%emt 0:00:02]} 26. Re8+ {[%emt 0:00:30]} Rf8 {[%emt 0:00:02]} 27. Re7 {[%emt 0:00:15]} Rf7 {[%emt 0:00:05]} 1/2-1/2

[Event "Kupreichik Memorial Rapid 2019"]
[Site "Minsk"]
[Date "2019.08.16"]
[Round "4.14"]
[White "Romanovskij, Nikita"]
[Black "Mochalov, Evgeny V"]
[Result "1-0"]
[WhiteElo "1869"]
[BlackElo "2374"]
[Annotator "TA"]
[PlyCount "99"]
[EventDate "2019.08.15"]
[EventType "swiss"]
[EventCountry "BLR"]
[SourceTitle "playchess.com"]
[Source "ChessBase"]
[SourceQuality "1"]

{[%evp 17,99,-15,-26,-43,-25,-17,0,-20,-20,-23,-11,-29,31,30,38,38,38,11,64,59,77,74,61,53,126,0,0,-21,153,0,0,-45,-32,-52,0,-60,-15,-31,-4,-6,-13,-33,-31,-25,-18,-20,-11,-15,-13,-13,0,-6,-6,-5,0,0,306,293,602,609,682,503,629,525,1110,1166,1293,1275,2271,2066,5281,3263,29985,29986,29986,29981,29982,29981,29985,29986,29989,29990,29992,29989]} 1. d4 c5 2. e3 Nf6 3. Nf3 g6 4. Be2 Bg7 5. O-O O-O 6. c4 cxd4 7. Nxd4 Nc6 8. Nc3 d5 9. Nxc6 bxc6 10. Qb3 {A35: Symmetrical English: 2 Nc3 Nc6 3 Nf3} (10. Bd2 e5 11. cxd5 cxd5 12. f4 d4 13. fxe5 dxc3 14. exf6 cxd2 15. fxg7 Kxg7 16. Qb3 Qd6 17. Rad1 Kg8 18. Qc3 {½-½ (56) Emeliantsev,A (2373)-Shomoev,A (2578) Vladivostok 2015}) 10... Qa5 $146 ({Predecessor:} 10... Be6 11. Rd1 Rb8 12. Qa3 Qc7 13. cxd5 Nxd5 14. Qc5 Nxc3 15. bxc3 {0-1 (54) Cabral,G-Gamarra Caceres,C (2296) Asuncion 2001}) 11. Bd2 Ba6 12. Ne4 {The position is equal.} Qb6 13. Nxf6+ Bxf6 14. Bc3 e5 (14... Rab8 $11) 15. Rfd1 Rfd8 16. Qa4 {Ba5 is the strong threat.} Qb7 17. Rd2 d4 (17... Rab8 $11) 18. exd4 $14 exd4 19. Bb4 Bg5 20. Rdd1 Rac8 {[#]} ({Black should play} 20... Be7 $14 21. Ba5 Rd7) 21. b3 (21. Bc5 $1 $16) 21... c5 $36 {[%mdl 2048] Black has some pressure.} 22. Bd2 Bf6 $2 (22... Bxd2 $1 $11 23. Rxd2 Qb6) 23. Bd3 $2 (23. Bf3 $16 Qb6 24. Ba5 {[%mdl 64] Skewer}) 23... Qc6 24. Qa5 Bb7 {[%csl Gb7][%cal Rc6g2]} 25. f3 Qb6 (25... Be5 $15) 26. Qa3 (26. Qxb6 $11 axb6 27. a4) 26... Re8 27. Re1 Kg7 28. Rxe8 Rxe8 29. Re1 Rxe1+ 30. Bxe1 Bg5 31. b4 Qe6 32. Kf1 cxb4 33. Qxb4 Bc6 34. c5 Qe3 35. Qc4 Bd5 36. Qc2 Bxf3 $2 {[%mdl 8192] [#]} (36... Qe6 $11 {and Black stays safe.}) 37. Bf2 $1 $18 {[%cal Rf2e3]} Bxg2+ $2 (37... Qf4) 38. Kxg2 Qf4 39. Qe2 Bf6 {Black hopes to continue with ...Qg5+.} 40. c6 {Strongly threatening Bg3.} Qg5+ 41. Bg3 Qd5+ 42. Be4 Qc5 43. c7 h5 44. Qc2 Qg5 45. c8=Q {White mates.} h4 46. Q8c5 Qg4 47. Bf3 Qe6 48. Qe2 Qd7 49. Be5 h3+ 50. Kf1 {Accuracy: White = 53%, Black = 12%.} 1-0

[Event "Kupreichik Memorial Rapid 2019"]
[Site "Minsk"]
[Date "2019.08.16"]
[Round "4.15"]
[White "Zarubitski, Viachaslau"]
[Black "Kharin, Mikhail"]
[Result "1-0"]
[WhiteElo "2426"]
[BlackElo "2156"]
[Annotator "TA"]
[PlyCount "39"]
[EventDate "2019.08.15"]
[EventType "swiss"]
[EventCountry "BLR"]
[SourceTitle "playchess.com"]
[Source "ChessBase"]
[SourceQuality "1"]

{[%evp 12,39,37,46,54,33,43,59,42,43,81,84,198,193,227,233,233,232,218,209,197,198,414,406,933,925,1134,1123,1105,1097]} 1. e4 g6 2. d4 Bg7 3. Nc3 d6 4. Nf3 a6 5. Be2 b5 6. O-O Bb7 7. Re1 Nd7 {B06: Modern Defence} 8. a4 (8. Bd3 e5 9. d5 Ne7 10. a4 b4 11. Na2 a5 12. c3 bxc3 13. Nxc3 O-O 14. Be3 {0-1 (41) Guseinov,G (2645)-Carlsen,M (2832) chess.com INT 2017}) 8... b4 9. Na2 a5 {White is slightly better.} 10. c3 bxc3 $146 ({Predecessor:} 10... Ngf6 11. cxb4 Nxe4 12. Qc2 O-O 13. bxa5 Rxa5 14. Bb5 Nef6 15. Nb4 {½-½ (35) Rosche,E (2494)-Mondry,M (2462) Remote email 2014}) 11. Nxc3 Ngf6 {[#]} (11... c5 $16) 12. e5 $1 $18 Nd5 {[%cal Rd6e5] [#]} 13. e6 $1 {[%cal Re6f7][%mdl 512]} fxe6 14. Ng5 Nf8 15. Bg4 Nxc3 16. bxc3 Bd5 $2 (16... Bf6 {was called for.} 17. Nxe6 Nxe6) 17. c4 Bxc4 (17... h6 $142 18. cxd5 hxg5 19. dxe6 Bf6) 18. Qf3 {White is clearly winning.} Bf6 19. Qc6+ {[%mdl 64] Double Attack} Nd7 20. Qxc4 1-0